[Event "St Petersburg rapid"]
[White "Ganichev, Alexander"]
[Black "Smirnov, Leonid L"]
[Site "St Petersburg"]
[Round "9"]
[Result "1/2-1/2"]
[Date "2015.03.15"]
[WhiteElo "2238"]
[BlackElo "2303"]
[PlyCount "97"]
[EventDate "2015.03.14"]
[EventType "swiss (rapid)"]
[EventRounds "9"]
[EventCountry "RUS"]
[SourceTitle "CBM 165 Extra"]
[Source "ChessBase"]
[SourceDate "2015.04.21"]
[SourceVersion "1"]
[SourceVersionDate "2015.04.21"]
[SourceQuality "1"]

1. b3 e5 2. Bb2 Nc6 3. g3 d6 4. Bg2 Be6 5. d3 Qd7 6. Nd2 g6 7. e4 h5 8. Ngf3 Bh3 9. Bxh3 Qxh3 10. Qe2 Bh6 11. 0-0-0 Nge7 12. Kb1 f6 13. Nc4 0-0-0 14. d4 Rhf8 15. Ne3 exd4 16. Nxd4 Nxd4 17. Bxd4 Nc6 18. Bb2 Bxe3 19. Qxe3 f5 20. f4 fxe4 21. Qxe4 Qf5 22. Qf3 Rde8 23. Rd5 Qe4 24. Qxe4 Rxe4 25. Rg5 Ne7 26. Kc1 Rf5 27. Rxf5 Nxf5 28. Kd2 Kd7 29. Rg1 c5 30. Rg2 Ne3 31. Kd3 Re6 32. Re2 Ng4 33. h3 Rxe2 34. Kxe2 Nh6 35. c4 Ke6 36. Kf3 d5 37. cxd5+ Kxd5 38. g4 hxg4+ 39. hxg4 b5 40. f5 gxf5 41. g5 Ng8 42. Kf4 Ke6 43. g6 Ne7 44. g7 Kf7 45. Ba3 b4 46. Bb2 Nd5+ 47. Kxf5 Nc3 48. Ke5 Kxg7 49. Kd6 1/2-1/2

[Event "St Petersburg White Nights op"]
[White "Gronn, Atle"]
[Black "Smirnov, Leonid L"]
[Site "St Petersburg"]
[Round "9"]
[Result "1/2-1/2"]
[Date "2000.07.02"]
[WhiteElo "2362"]
[BlackElo "2353"]
[PlyCount "140"]
[EventDate "2000.06.23"]
[EventType "swiss"]
[EventRounds "9"]
[EventCountry "RUS"]
[SourceTitle "CBM 076 Extra"]
[Source "ChessBase"]
[SourceDate "2000.07.11"]
[SourceVersion "1"]
[SourceVersionDate "2000.07.11"]
[SourceQuality "1"]

1. Nf3 d5 2. d4 c6 3. c4 e6 4. Qc2 f5 5. Bf4 Nf6 6. e3 Be7 7. Bd3 Nh5 8. Bxb8 Rxb8 9. cxd5 Qxd5 10. 0-0 0-0 11. Ne5 c5 12. Nc3 Qd8 13. Rad1 cxd4 14. Be2 Qc7 15. exd4 Nf4 16. Bf3 Bd6 17. Qd2 Bxe5 18. dxe5 Ng6 19. Nb5 Qc5 20. Qd6 Qxd6 21. exd6 Bd7 22. Nd4 e5 23. Bd5+ Kh8 24. Be6 Rbd8 25. Bxd7 Rxd7 26. Ne6 Rf6 27. Rc1 Nf8 28. Nxf8 Rxf8 29. Rfd1 g6 30. Rc5 e4 31. g4 Kg7 32. gxf5 gxf5 33. Rdd5 Kg6 34. Kg2 Rf6 35. Rc7 Rdxd6 36. Rxd6 Rxd6 37. Rxb7 Rd2 38. Kg3 a5 39. Rb6+ Kg5 40. h4+ Kh5 41. Rb5 Rd3+ 42. Kg2 Kg4 43. Rxa5 Rd2 44. Re5 Rxb2 45. a4 Ra2 46. a5 Kf4 47. Rb5 h5 48. Kf1 Kg4 49. Re5 Ra4 50. Kg2 Ra2 51. Kg1 Kh3 52. Kf1 f4 53. Rxe4 f3 54. Re5 Ra1+ 55. Re1 Rxa5 56. Kg1 Ra4 57. Rb1 Rg4+ 58. Kh1 Rg2 59. Rb2 Kxh4 60. Rb4+ Rg4 61. Rb3 Rf4 62. Kh2 Kg4 63. Rb8 h4 64. Rg8+ Kf5 65. Kh3 Ke4 66. Rg4 Rxg4 67. Kxg4 Ke5 68. Kxh4 Kf5 69. Kg3 Kg5 70. Kxf3 Kf5 1/2-1/2

[Event "St Petersburg White Nights op"]
[White "Vunder, Andrei"]
[Black "Smirnov, Leonid L"]
[Site "St Petersburg"]
[Round "3"]
[Result "1/2-1/2"]
[Date "2000.06.25"]
[WhiteElo "2284"]
[BlackElo "2353"]
[PlyCount "43"]
[EventDate "2000.06.23"]
[EventType "swiss"]
[EventRounds "9"]
[EventCountry "RUS"]
[SourceTitle "CBM 076 Extra"]
[Source "ChessBase"]
[SourceDate "2000.07.11"]
[SourceVersion "1"]
[SourceVersionDate "2000.07.11"]
[SourceQuality "1"]

1. Nf3 d5 2. e3 c6 3. c4 e6 4. Nc3 Bd6 5. b3 Qe7 6. Qc2 Nd7 7. Be2 Ngf6 8. d4 0-0 9. 0-0 Re8 10. Rd1 dxc4 11. bxc4 e5 12. a4 e4 13. Nd2 Nf8 14. c5 Bc7 15. Ba3 Ng4 16. g3 Bf5 17. Bf1 Qg5 18. Bg2 Qh6 19. Nf1 Nf6 20. Nd2 Ng4 21. Nf1 Nf6 22. Nd2 1/2-1/2